Ariana Grande - fantasize (Unreleased) - Statistics

General Stats
  • This quiz has been taken 74 times
    43 since last reset
  • The average score is 266 of 383
Answer Stats
lyric % Correct
A
97%
a
97%
the
95%
I
92%
(I
92%
all
89%
fantasize
89%
you
89%
you,
89%
(You)
89%
about
86%
ah)
84%
oh
84%
oh,
84%
(Oh,
84%
Ooh
84%
ooh
84%
ooh,
84%
(Ooh,
84%
(Ooh
84%
ooh)
84%
p*ssy
84%
this
84%
time
84%
few
81%
five
81%
Five
81%
five)
81%
(Five
81%
me
81%
me,
81%
mine
81%
mine,
81%
mine)
81%
nine
81%
(Nine
81%
nine)
81%
to
81%
why
81%
(Why?)
81%
And
78%
and
78%
give
78%
it
78%
my
78%
(My
78%
weeks
78%
If
76%
(If
76%
just
76%
were
76%
ain't
73%
boy,
73%
But
73%
(But
73%
but
73%
but,
73%
I'd
73%
So,
73%
That
73%
that)
73%
ago
70%
babe)
70%
baby
70%
baby)
70%
saw
70%
weak
70%
(Weak)
70%
feelin'
68%
heart
68%
phone
68%
phone)
68%
physically
68%
They
68%
be
65%
front
65%
know
65%
know)
65%
mean,
65%
meant
65%
Mentally,
65%
Boys
62%
go
62%
go)
62%
later
62%
row
62%
up
62%
blowin'
59%
of
59%
on
59%
Some
59%
(Some
59%
I'm
57%
(I'm
57%
months
57%
own
57%
own)
57%
should
57%
(Should
57%
something
57%
There's
57%
type
57%
(Way),
57%
way
57%
(Way)
57%
way)
57%
behave,
54%
behave
54%
can't
54%
do
54%
girl
54%
stop
54%
though
54%
though)
54%
before
51%
(Before
51%
got
51%
solo
51%
solo)
51%
still
51%
You're
51%
same
49%
tell
49%
together
49%
Tryna
49%
yeah)
46%
(Yeah)
46%
at
43%
been
43%
Been
43%
out
43%
stopped
43%
Thought
43%
(Thought
43%
bye,
41%
bye
41%
door,
38%
keep
38%
life
38%
pretendin'
38%
Tryin'
38%
waitin'
38%
'Cause
35%
won't
35%
too
32%
hot)
30%
nice,
30%
sight
30%
like
24%
would,
19%
never
16%
anything
14%
could
11%
leaving
11%
(Rather
11%
right
11%
now)
8%
totally
8%
No matching quizzes found
Score Distribution
Percent of People with Each Score
Percentile by Number Answered
Your Score History
You have not taken this quiz since the last reset